Kebaya Malaysia : (Record no. 3107)
[ view plain ]
| 000 -LEADER | |
|---|---|
| fixed length control field | 00624nam a22002057a 4500 |
| 005 - DATE AND TIME OF LATEST TRANSACTION | |
| control field | 20250304101140.0 |
| 008 - FIXED-LENGTH DATA ELEMENTS--GENERAL INFORMATION | |
| fixed length control field | 250304b |||||||| |||| 00| 0 eng d |
| 040 ## - CATALOGING SOURCE | |
| Original cataloging agency | JKKN |
| 082 ## - DEWEY DECIMAL CLASSIFICATION NUMBER | |
| Classification number | 391.009595 |
| Item number | ZUB |
| 100 ## - MAIN ENTRY--PERSONAL NAME | |
| Personal name | Zubaidah Sual |
| 9 (RLIN) | 4901 |
| 245 ## - TITLE STATEMENT | |
| Title | Kebaya Malaysia : |
| Remainder of title | Malaysian Kebaya |
| Statement of responsibility, etc | Zubaidah Sual |
| 264 #1 - PRODUCTION, PUBLICATION, DISTRIBUTION, MANUFACTURE, AND COPYRIGHT NOTICE | |
| Place of production, publication, distribution, manufacture | Kuala Lumpur : |
| Name of producer, publisher, distributor, manufacturer | Jabatan Warisan Negara, |
| Date of production, publication, distribution, manufacture, or copyright notice | 2024. |
| 300 ## - PHYSICAL DESCRIPTION | |
| Extent | 96 pages: |
| Other physical details | col. illustrations; |
| Dimensions | 28 cm. |
| 337 ## - MEDIA TYPE | |
| Source | rdamedia |
| Media type term | unmediated |
| 338 ## - CARRIER TYPE | |
| Source | rdacarrier |
| Carrier type term | volume |
| 650 10 - SUBJECT ADDED ENTRY--TOPICAL TERM | |
| Topical term or geographic name as entry element | Ethnic costume |
| Geographic subdivision | Malaysia |
| 650 20 - SUBJECT ADDED ENTRY--TOPICAL TERM | |
| Topical term or geographic name as entry element | Malays |
| General subdivision | Clothing |
| Geographic subdivision | Malaysia |
| 9 (RLIN) | 4902 |
| 942 ## - ADDED ENTRY ELEMENTS (KOHA) | |
| Source of classification or shelving scheme | Library of Congress Classification |
| Item type | Buku |
| 998 ## - LOCAL CONTROL INFORMATION (RLIN) | |
| Local Accession Number | 006661 |
| Withdrawn status | Lost status | Source of classification or shelving scheme | Damaged status | Not for loan | Collection code | Home library | Current library | Date acquired | Total Checkouts | Full call number | Barcode | Date last seen | Price effective from | Koha item type |
|---|---|---|---|---|---|---|---|---|---|---|---|---|---|---|
| Library of Congress Classification | Non-fiction | JKKN Main Library | JKKN Main Library | 03/03/2025 | 391.209595 ZUB | HQ006242 | 04/03/2025 | 04/03/2025 | Buku | |||||
| Library of Congress Classification | Non-fiction | JKKN Main Library | JKKN Main Library | 03/03/2025 | 391.209595 ZUB | HQ006243 | 04/03/2025 | 04/03/2025 | Buku |